Les 20 villes les plus peuplées des Pyrénées-Atlantiques - Statistiques

Statistiques générales
  • Ce quiz a été pris 90 fois
  • Le résultat moyen est 10 sur 20
Statistiques - réponses
Population Villes % Correct
77 066 Pau
100%
25 764 Biarritz
97%
52 749 Bayonne
96%
41 153 Anglet
92%
14 601 Saint-Jean-de-Luz
83%
17 796 Hendaye
82%
10 616 Oloron-Sainte-Marie
64%
10 684 Orthez
62%
9 524 Lescar
47%
13 915 Lons
43%
7 449 Bidart
40%
10 543 Urrugne
38%
13 866 Billère
35%
7 064 Jurançon
29%
6 033 Ciboure
27%
8 809 Boucau
26%
7 577 Hasparren
22%
6 669 Cambo-les-Bains
19%
7 476 Ustaritz
19%
7 170 Saint-Pée-sur-Nivelle
18%
Aucun quiz correspondant
Distribution des résultats
% des personnes avec chaque résultat
Percentile par nombre de réponses
Votre historique - résultats
Vous n’avez pas pris ce quiz